[Event "6. Torneo Aficionados Bali - Sub-2300"]
[Site "Benidorm ESP"]
[Date "2007.12.08"]
[Round "9.9"]
[White "Frick, Christoph"]
[Black "Daoudi, Kamal"]
[Result "1-0"]
[WhiteElo "2265"]
[BlackElo "2188"]
[PlyCount "41"]
[EventDate "2007.11.30"]
[EventType "swiss"]
[EventRounds "9"]
[EventCountry "ESP"]
[Source "lmi"]
[SourceDate "2007.11.30"]

1. Nc3 e5 2. Nf3 Nc6 3. d4 exd4 4. Nxd4 Nf6 5. Bg5 h6 6. Bxf6 Qxf6 7. Ndb5 Kd8
8. Nxc7 Bc5 9. e3 Rb8 10. N3d5 Qe5 11. Be2 h5 12. O-O g5 13. Kh1 g4 14. Nf4 Bb6
15. Qd5 Qg7 16. Rad1 h4 17. Nb5 Ne7 18. Qd6 Ra8 19. Nd4 Qg8 20. Nb5 Bc7 21.
Ne6+ 1-0

[Event "6. Torneo Aficionados Bali - Sub-2300"]
[Site "Benidorm ESP"]
[Date "2007.12.08"]
[Round "9.10"]
[White "Iglesias Leon, Francisco J"]
[Black "Fenollar Jorda, Manuel"]
[Result "1/2-1/2"]
[WhiteElo "2196"]
[BlackElo "2261"]
[PlyCount "24"]
[EventDate "2007.11.30"]
[EventType "swiss"]
[EventRounds "9"]
[EventCountry "ESP"]
[Source "lmi"]
[SourceDate "2007.11.30"]

1. b3 d5 2. Bb2 Bg4 3. d3 Nd7 4. Nd2 e5 5. Ngf3 Bd6 6. e4 Ngf6 7. Be2 O-O 8. h3
Bh5 9. Nh4 Bxe2 10. Qxe2 Re8 11. Nf5 Bf8 12. g4 dxe4 1/2-1/2

[Event "6. Torneo Aficionados Bali - Sub-2300"]
[Site "Benidorm ESP"]
[Date "2007.12.08"]
[Round "9.12"]
[White "Lacrosse, Marc"]
[Black "Andres Terrado, Miguel Angel"]
[Result "1/2-1/2"]
[WhiteElo "2254"]
[BlackElo "2161"]
[PlyCount "46"]
[EventDate "2007.11.30"]
[EventType "swiss"]
[EventRounds "9"]
[EventCountry "ESP"]
[Source "lmi"]
[SourceDate "2007.11.30"]

1. d4 Nf6 2. c4 g6 3. Nc3 Bg7 4. e4 d6 5. Nf3 O-O 6. Be2 e5 7. d5 Nbd7 8. Nd2
Ne8 9. h4 f5 10. f3 c5 11. Rb1 Ndf6 12. b4 b6 13. bxc5 dxc5 14. Qa4 fxe4 15.
fxe4 Bg4 16. Nf3 Nh5 17. Ng5 Bd7 18. Qa6 Ng3 19. Rh2 Bc8 20. Qa4 Bd7 21. Qa6
Bc8 22. Qa4 Bd7 23. Qa6 Bc8 1/2-1/2

[Event "6. Torneo Aficionados Bali - Sub-2300"]
[Site "Benidorm ESP"]
[Date "2007.12.08"]
[Round "9.17"]
[White "Pereira, Edgar"]
[Black "Torres Sanchez, Jose"]
[Result "1/2-1/2"]
[WhiteElo "2106"]
[BlackElo "2272"]
[PlyCount "23"]
[EventDate "2007.11.30"]
[EventType "swiss"]
[EventRounds "9"]
[EventCountry "ESP"]
[Source "lmi"]
[SourceDate "2007.11.30"]

1. e4 e5 2. Nf3 Nc6 3. Bb5 Nf6 4. O-O Nxe4 5. Re1 Nd6 6. Bxc6 dxc6 7. Nxe5 Be7
8. d4 O-O 9. Nc3 Be6 10. Bf4 Nf5 11. Ne2 g5 12. b3 1/2-1/2

[Event "6. Torneo Aficionados Bali - Sub-2300"]
[Site "Benidorm ESP"]
[Date "2007.12.08"]
[Round "9.18"]
[White "Garcia Moral Garcia, Jose Danie"]
[Black "Sanchez Quiroga, Miguel Angel"]
[Result "1-0"]
[WhiteElo "2261"]
[BlackElo "2196"]
[PlyCount "71"]
[EventDate "2007.11.30"]
[EventType "swiss"]
[EventRounds "9"]
[EventCountry "ESP"]
[Source "lmi"]
[SourceDate "2007.11.30"]

1. e4 c5 2. Nf3 e6 3. d4 cxd4 4. Nxd4 a6 5. Bd3 Qb6 6. Nb3 Qc7 7. f4 d6 8. Nc3
Nc6 9. Qf3 Nf6 10. g4 b5 11. Be3 Bb7 12. g5 Nd7 13. O-O-O Nb4 14. Kb1 Rc8 15.
a3 Nc6 16. h4 b4 17. axb4 Nxb4 18. h5 d5 19. Bd4 Nxd3 20. cxd3 dxe4 21. dxe4
Bd6 22. Bxg7 Rg8 23. h6 Bxf4 24. Rhf1 e5 25. Rd3 Nb6 26. g6 fxg6 27. Rfd1 Ke7
28. Rd6 Qxd6 29. Rxd6 Kxd6 30. Na5 Ba8 31. Qd3+ Ke7 32. Qxa6 Nd7 33. Nd5+ Bxd5
34. exd5 Nc5 35. Qf6+ Kd7 36. Qf7+ 1-0

[Event "6. Torneo Aficionados Bali - Sub-2300"]
[Site "Benidorm ESP"]
[Date "2007.12.08"]
[Round "9.33"]
[White "Naranjo Moreno, Antonio"]
[Black "Sanchez Jerez, Emilio"]
[Result "1-0"]
[WhiteElo "2255"]
[BlackElo "2141"]
[PlyCount "29"]
[EventDate "2007.11.30"]
[EventType "swiss"]
[EventRounds "9"]
[EventCountry "ESP"]
[Source "lmi"]
[SourceDate "2007.11.30"]

1. e4 c5 2. Nf3 Nc6 3. d4 cxd4 4. Nxd4 g6 5. Nc3 Bg7 6. Be3 Nf6 7. Nxc6 bxc6 8.
e5 Ng8 9. Bd4 Qa5 10. Bc4 Bxe5 11. O-O d6 12. Qf3 Kd7 13. Bb5 Bb7 14. Bxe5 dxe5
15. Qd5+ 1-0

[Event "6. Torneo Aficionados Bali - Sub-2300"]
[Site "Benidorm ESP"]
[Date "2007.12.08"]
[Round "9.35"]
[White "Fidalgo Fernandez, Javier"]
[Black "Jensen, Stein"]
[Result "1/2-1/2"]
[WhiteElo "2225"]
[BlackElo "2141"]
[PlyCount "45"]
[EventDate "2007.11.30"]
[EventType "swiss"]
[EventRounds "9"]
[EventCountry "ESP"]
[Source "lmi"]
[SourceDate "2007.11.30"]

1. e4 c6 2. c4 e5 3. Nf3 d6 4. d4 Nd7 5. Be2 Ngf6 6. Nc3 Be7 7. O-O O-O 8. Qc2
a6 9. a4 a5 10. Rd1 Qc7 11. h3 Re8 12. d5 Nc5 13. Be3 Na6 14. Rac1 Nd7 15. Qb1
h6 16. Nd2 c5 17. Nf1 Qd8 18. Nb5 Nc7 19. Rc3 Nxb5 20. cxb5 Nf8 21. Kh2 b6 22.
Nd2 Bg5 23. Nc4 1/2-1/2

[Event "6. Torneo Aficionados Bali - Sub-2300"]
[Site "Benidorm ESP"]
[Date "2007.12.08"]
[Round "9.38"]
[White "Cano Gimenez, Vicente"]
[Black "Codina Tormo, Julia"]
[Result "1-0"]
[WhiteElo "2204"]
[BlackElo "2035"]
[PlyCount "59"]
[EventDate "2007.11.30"]
[EventType "swiss"]
[EventRounds "9"]
[EventCountry "ESP"]
[Source "lmi"]
[SourceDate "2007.11.30"]

1. c4 e5 2. g3 Nc6 3. Bg2 g6 4. Nc3 Bg7 5. Nf3 d6 6. d3 f5 7. Rb1 a5 8. O-O Nf6
9. a3 O-O 10. b4 axb4 11. axb4 Rb8 12. b5 Ne7 13. Qb3 Kh8 14. c5 e4 15. cxd6
cxd6 16. dxe4 fxe4 17. Ng5 d5 18. Bf4 Ra8 19. Rbd1 Qa5 20. Bd6 Re8 21. Bxe7
Rxe7 22. Nxd5 Nxd5 23. Qxd5 Bf5 24. Nf7+ Rxf7 25. Qxf7 Qxb5 26. Rb1 Qe5 27.
Rxb7 Rf8 28. Qe7 Qd4 29. e3 Qc3 30. Bxe4 1-0

[Event "6. Torneo Aficionados Bali - Sub-2300"]
[Site "Benidorm ESP"]
[Date "2007.12.08"]
[Round "9.40"]
[White "Lillo Castan, Victor"]
[Black "Pardo Simon, David"]
[Result "1/2-1/2"]
[WhiteElo "2069"]
[BlackElo "2173"]
[PlyCount "41"]
[EventDate "2007.11.30"]
[EventType "swiss"]
[EventRounds "9"]
[EventCountry "ESP"]
[Source "lmi"]
[SourceDate "2007.11.30"]

1. e4 e5 2. Nf3 Nc6 3. d4 exd4 4. Bc4 Nf6 5. e5 d5 6. Bb5 Ne4 7. Nxd4 Bd7 8.
Bxc6 bxc6 9. O-O Bc5 10. f3 Ng5 11. f4 Ne4 12. Be3 Qe7 13. Nd2 Nd6 14. Bf2 Nb7
15. N2f3 O-O 16. Bh4 Qe8 17. Kh1 Bb6 18. Qe1 c5 19. Bf6 gxf6 20. Qh4 cxd4 21.
Qh6 1/2-1/2

[Event "6. Torneo Aficionados Bali - Sub-2300"]
[Site "Benidorm ESP"]
[Date "2007.12.08"]
[Round "9.44"]
[White "Corbalan Gomez, Juan Jose"]
[Black "Marquinez Cabrejas, Francisco Javier"]
[Result "1-0"]
[WhiteElo "2144"]
[BlackElo "2030"]
[PlyCount "51"]
[EventDate "2007.11.30"]
[EventType "swiss"]
[EventRounds "9"]
[EventCountry "ESP"]
[Source "lmi"]
[SourceDate "2007.11.30"]

1. e4 e5 2. Nf3 d6 3. d4 exd4 4. Qxd4 a6 5. Bg5 Nc6 6. Qd2 Be7 7. Bxe7 Qxe7 8.
Nc3 Nf6 9. O-O-O O-O 10. Nd5 Nxd5 11. exd5 Ne5 12. Nd4 Bg4 13. f3 Bh5 14. h3 f5
15. Re1 Qh4 16. f4 Ng6 17. Ne6 Rf7 18. Bd3 c5 19. g4 Nxf4 20. Nxf4 c4 21. Bxf5
Rxf5 22. gxf5 c3 23. bxc3 Rc8 24. Rhg1 Bf7 25. Rg4 Qf6 26. Qd4 1-0

[Event "6. Torneo Aficionados Bali - Sub-2300"]
[Site "Benidorm ESP"]
[Date "2007.12.08"]
[Round "9.45"]
[White "Morais, Vitor"]
[Black "Carrascoso Morales, Abel"]
[Result "1/2-1/2"]
[WhiteElo "2113"]
[BlackElo "2248"]
[PlyCount "20"]
[EventDate "2007.11.30"]
[EventType "swiss"]
[EventRounds "9"]
[EventCountry "ESP"]
[Source "lmi"]
[SourceDate "2007.11.30"]

1. e4 e5 2. Nf3 Nc6 3. Bb5 a6 4. Ba4 Nf6 5. O-O Be7 6. Re1 b5 7. Bb3 d6 8. h3
O-O 9. c3 Na5 10. Bc2 c5 1/2-1/2

[Event "6. Torneo Aficionados Bali - Sub-2300"]
[Site "Benidorm ESP"]
[Date "2007.12.08"]
[Round "9.46"]
[White "Richardson, Keith B"]
[Black "Martin Martin, Luis Vicente"]
[Result "1/2-1/2"]
[WhiteElo "2239"]
[BlackElo "2089"]
[PlyCount "55"]
[EventDate "2007.11.30"]
[EventType "swiss"]
[EventRounds "9"]
[EventCountry "ESP"]
[Source "lmi"]
[SourceDate "2007.11.30"]

1. c4 e5 2. Nc3 Nf6 3. Nf3 Nc6 4. e4 Bc5 5. Nxe5 O-O 6. Nf3 Nxe4 7. Nxe4 Re8 8.
d3 f5 9. Be2 fxe4 10. dxe4 Qe7 11. O-O d6 12. h3 Kh8 13. Bd3 Rf8 14. Qe2 Bd7
15. Be3 Ne5 16. Nxe5 dxe5 17. a3 Bxe3 18. fxe3 c5 19. Rxf8+ Rxf8 20. Rf1 Rf6
21. Rxf6 gxf6 22. Kf1 Qd6 23. Qc2 Ba4 24. b3 Bc6 25. Be2 Bd7 26. Qd3 Qxd3 27.
Bxd3 Kg7 28. Kf2 1/2-1/2

[Event "6. Torneo Aficionados Bali - Sub-2300"]
[Site "Benidorm ESP"]
[Date "2007.12.08"]
[Round "9.48"]
[White "Orfali, Marcelo-Rafael"]
[Black "Siegmund, Rainer"]
[Result "0-1"]
[WhiteElo "2097"]
[BlackElo "2187"]
[PlyCount "54"]
[EventDate "2007.11.30"]
[EventType "swiss"]
[EventRounds "9"]
[EventCountry "ESP"]
[Source "lmi"]
[SourceDate "2007.11.30"]

1. e4 c5 2. a3 g6 3. b4 Bg7 4. Nc3 d6 5. Nf3 Nc6 6. Bb5 Bd7 7. Rb1 b6 8. Qe2 e6
9. Bb2 Nge7 10. Nd1 e5 11. Ne3 Nd4 12. Bxd4 cxd4 13. Nd5 Rc8 14. Nxe7 Qxe7 15.
Bc4 O-O 16. O-O Kh8 17. h3 Be6 18. Bd3 Rc7 19. a4 f5 20. Ne1 fxe4 21. Bxe4 d5
22. Bd3 e4 23. Ba6 Qg5 24. Rb3 Rcf7 25. Ra3 Qe7 26. Rb3 Be5 27. Nf3 Rxf3 0-1

[Event "6. Torneo Aficionados Bali - Sub-2300"]
[Site "Benidorm ESP"]
[Date "2007.12.08"]
[Round "9.52"]
[White "Canovas Pardo, Albert"]
[Black "Cucarella Montell, Angels"]
[Result "1-0"]
[WhiteElo "2137"]
[BlackElo "1953"]
[PlyCount "52"]
[EventDate "2007.11.30"]
[EventType "swiss"]
[EventRounds "9"]
[EventCountry "ESP"]
[Source "lmi"]
[SourceDate "2007.11.30"]

1. d4 f5 2. g3 g6 3. Bg2 Nf6 4. Nf3 Bg7 5. O-O O-O 6. c4 d6 7. Nc3 Qe8 8. d5
Na6 9. Be3 h6 10. Bd4 e5 11. dxe6 Qxe6 12. Nd2 c5 13. Bxf6 Qxf6 14. Rb1 Nc7 15.
e3 g5 16. f4 Qg6 17. Qc2 h5 18. Nf3 g4 19. Nh4 Qe6 20. Nd5 Rf7 21. Nxc7 Qxe3+
22. Kh1 Rxc7 23. Nxf5 Bxf5 24. Qxf5 Qe8 25. Rfe1 Re7 26. Rxe7 Qxe7 1-0

[Event "6. Torneo Aficionados Bali - Sub-2300"]
[Site "Benidorm ESP"]
[Date "2007.12.08"]
[Round "9.54"]
[White "Diez Machin, Vicente"]
[Black "Sahelices Casado, Roberto"]
[Result "1-0"]
[WhiteElo "2022"]
[BlackElo "2117"]
[PlyCount "35"]
[EventDate "2007.11.30"]
[EventType "swiss"]
[EventRounds "9"]
[EventCountry "ESP"]
[Source "lmi"]
[SourceDate "2007.11.30"]

1. e4 c5 2. Nf3 d6 3. d4 cxd4 4. Nxd4 Nf6 5. Nc3 Nc6 6. f3 e5 7. Nb3 Be7 8. Be3
O-O 9. Qd2 a5 10. Na4 Be6 11. Bb6 Qc8 12. c4 Nb4 13. Bxa5 Nxa2 14. Nb6 Qc6 15.
Rxa2 Ra6 16. Nd5 Re8 17. Ra3 b6 18. Bb4 1-0

[Event "6. Torneo Aficionados Bali - Sub-2300"]
[Site "Benidorm ESP"]
[Date "2007.12.08"]
[Round "9.58"]
[White "Gomez Benitez, David"]
[Black "Escobar Torres, Antonio"]
[Result "1/2-1/2"]
[WhiteElo "2084"]
[BlackElo "2130"]
[PlyCount "50"]
[EventDate "2007.11.30"]
[EventType "swiss"]
[EventRounds "9"]
[EventCountry "ESP"]
[Source "lmi"]
[SourceDate "2007.11.30"]

1. e4 c5 2. Nc3 a6 3. f4 d6 4. Nf3 e6 5. d4 cxd4 6. Nxd4 Nf6 7. Be2 Qc7 8. Be3
Be7 9. O-O O-O 10. Kh1 b5 11. e5 dxe5 12. fxe5 Nfd7 13. Bf3 Bb7 14. Qe1 Nxe5
15. Qg3 Bxf3 16. Nxf3 f6 17. Bf4 Nbc6 18. Rae1 Bb4 19. h3 Bxc3 20. bxc3 Rac8
21. Nd4 Qe7 22. Nxc6 Rxc6 23. Bxe5 fxe5 24. Qxe5 Rxf1+ 25. Rxf1 Qd6 1/2-1/2

[Event "6. Torneo Aficionados Bali - Sub-2300"]
[Site "Benidorm ESP"]
[Date "2007.12.08"]
[Round "9.60"]
[White "Fernandez Garcia, Ignacio"]
[Black "Martin Prieto, Oscar"]
[Result "0-1"]
[WhiteElo "2039"]
[BlackElo "2128"]
[PlyCount "74"]
[EventDate "2007.11.30"]
[EventType "swiss"]
[EventRounds "9"]
[EventCountry "ESP"]
[Source "lmi"]
[SourceDate "2007.11.30"]

1. e4 c5 2. c3 Nf6 3. e5 Nd5 4. d4 cxd4 5. cxd4 Nc6 6. Nf3 d6 7. Nc3 Nxc3 8.
bxc3 dxe5 9. d5 e4 10. Ng5 Ne5 11. Nxe4 Bd7 12. Rb1 Qc7 13. Qd4 f6 14. Be2 h5
15. O-O h4 16. f4 Nf7 17. c4 e6 18. dxe6 Bxe6 19. Nxf6+ gxf6 20. Qxf6 Rh6 21.
Qc3 Bc5+ 22. Be3 Nd6 23. Bf3 O-O-O 24. Qe5 Bxe3+ 25. Qxe3 Bf5 26. Rb4 Qa5 27.
a3 Re6 28. Qb3 Qc5+ 29. Kh1 Re7 30. h3 Be4 31. Bg4+ Kb8 32. Qd1 Nf7 33. Qc1 Bc6
34. Bf3 Rd3 35. Bxc6 Qxc6 36. Kh2 Re2 37. Rg1 Qf3 0-1